Contabilidad de costos a niveles superior (Registro nro. 2076)

Detalles MARC
000 -LEADER
fixed length control field 01229 a2200193 4500
001 - CONTROL NUMBER
control field 30269
005 - DATE AND TIME OF LATEST TRANSACTION
control field 20260407155614.0
008 - FIXED-LENGTH DATA ELEMENTS--GENERAL INFORMATION
fixed length control field 260407a1968 arg spa d
003 - CONTROL NUMBER IDENTIFIER
control field AR-UNSa-BCEJYS
040 ## - CATALOGING SOURCE
Original cataloging agency AR-UNSa-BCEJYS
Language of cataloging spa
Transcribing agency AR-UNSa-BCEJYS
080 ## - UNIVERSAL DECIMAL CLASSIFICATION NUMBER
Universal Decimal Classification number 657.47
Common auxiliary subdivision Contabilidad de Costos
100 1# - MAIN ENTRY--PERSONAL NAME
Personal name Giménez, Carlos Manuel
245 10 - TITLE STATEMENT
Title Contabilidad de costos a niveles superior
264 #1 - PRODUCTION, PUBLICATION, DISTRIBUTION, MANUFACTURE, AND COPYRIGHT NOTICE
Place of production, publication, distribution, manufacture Buenos Aires :
Name of producer, publisher, distributor, manufacturer El Coloquio
Date of production, publication, distribution, manufacture, or copyright notice 1968
300 ## - PHYSICAL DESCRIPTION
Extent 195 p.
Dimensions 22 cm.
505 ## - FORMATTED CONTENTS NOTE
Formatted contents note 1.Introducción - 2. Clasificación de los costos - 3. El costo del costo - 4. Definiciones - 5. Razón de la clasificación de los costos - 6. Resumen - 7. Costos industriales - 8. Costos indirectos simples - 9. Costos indirectos conexos - 10. Resumen - 11. Derivaciones conceptuales - 12. Formulas o esquemas de costo - 13. Costo departamental - 14. costos unitarios - 15. Concentración de costos - 16. Sistemas de costos - 17. Costo departamental - 18. Contabilidad de costos por órdenes específicas - 19. Contabilidad de costos por procesos - 20. Aspectos de las formulas del costo - 21. Objetivos de la contabilidad de costos - 22. Las cuentas en la contabilidad de costos - 23.
590 ## - LOCAL NOTE (RLIN)
Local note niveau_biblio:m niveau_hierar:0
942 ## - ADDED ENTRY ELEMENTS (KOHA)
Koha item type
Existencias
Withdrawn status Lost status Damaged status Not for loan Home library Current library Shelving location Date acquired Total checkouts Full call number Barcode Date last seen Price effective from Koha item type
        Biblioteca Prof. Eusebio Cleto del Rey Biblioteca Prof. Eusebio Cleto del Rey   07/04/2026   657.47 G491c v.1 L21614 07/04/2026 07/04/2026 Libro